PEDIATRIC DENTISTRY :PRINCIPLES & PRACTICE (Record no. 4831)
[ view plain ]
| 000 -LEADER | |
|---|---|
| fixed length control field | 00337nam a2200133Ia 4500 |
| 008 - FIXED-LENGTH DATA ELEMENTS--GENERAL INFORMATION | |
| fixed length control field | 150201s2014 xx 000 0 und d |
| 082 ## - DEWEY DECIMAL CLASSIFICATION NUMBER | |
| Classification number | 617.645 |
| Item number | P2011M |
| 100 ## - MAIN ENTRY--PERSONAL NAME | |
| Personal name | MUTHU, M.S. |
| 245 ## - TITLE STATEMENT | |
| Title | PEDIATRIC DENTISTRY :PRINCIPLES & PRACTICE |
| 250 ## - EDITION STATEMENT | |
| Edition statement | 2ND |
| 260 ## - PUBLICATION, DISTRIBUTION, ETC. (IMPRINT) | |
| Name of publisher, distributor, etc. | ELSEVIER PUBLICATION |
| 650 ## - SUBJECT ADDED ENTRY--TOPICAL TERM | |
| Topical term or geographic name as entry element | PEDODONTICS |
| 942 ## - ADDED ENTRY ELEMENTS (KOHA) | |
| Source of classification or shelving scheme | Dewey Decimal Classification |
| Koha item type | Books |
| Koha issues (borrowed), all copies | 6 |
| Withdrawn status | Lost status | Source of classification or shelving scheme | Damaged status | Not for loan | Home library | Current library | Date acquired | Serial Enumeration / chronology | SGTU | Total Checkouts | Full call number | Barcode | Date last seen | Bill Date | Koha item type | Date last checked out |
|---|---|---|---|---|---|---|---|---|---|---|---|---|---|---|---|---|
| Dewey Decimal Classification | SGT Dental Library | SGT Dental Library | 06/07/2014 | 1 | SGTU | 617.645 P2011M | FD6942 | 09/02/2015 | 09/02/2015 | Books | ||||||
| Dewey Decimal Classification | SGT Dental Library | SGT Dental Library | 06/07/2014 | 1 | SGTU | 5 | 617.645 P2011M | FD6943 | 04/02/2026 | 09/02/2015 | Books | 02/02/2026 | ||||
| Dewey Decimal Classification | SGT Dental Library | SGT Dental Library | 06/07/2014 | 1 | SGTU | 3 | 617.645 P2011M | FD6944 | 10/09/2025 | 09/02/2015 | Books | 01/09/2025 | ||||
| Dewey Decimal Classification | SGT Dental Library | SGT Dental Library | 06/07/2014 | 1 | SGTU | 4 | 617.645 P2011M | FD6945 | 10/02/2026 | 09/02/2015 | Books | 27/01/2026 | ||||
| Dewey Decimal Classification | SGT Dental Library | SGT Dental Library | 06/07/2014 | 1 | SGTU | 617.645 P2011M | FD6946 | 09/02/2015 | 09/02/2015 | Books |